[Event "Hessen-ch U17 Open"]
[Site "Bad Homburg"]
[Date "2013.03.28"]
[Round "5"]
[White "Boelter, Tom"]
[Black "Taege, Jan"]
[Result "1/2-1/2"]
[WhiteElo "882"]
[BlackElo "1136"]
[PlyCount "41"]
[EventDate "2013.03.??"]
[EventType "swiss"]
[EventRounds "7"]
[EventCountry "GER"]
[SourceTitle "EXT 2014"]
[Source "ChessBase"]
[SourceDate "2013.11.20"]
[SourceVersion "1"]
[SourceVersionDate "2013.11.20"]
[SourceQuality "1"]

1. d4 d5 2. e3 Nf6 3. c4 Bf5 4. Nf3 e6 5. Nc3 Bb4 6. Bd2 0-0 7. cxd5 Bxc3 8. Bxc3 Nxd5 9. Bd3 Bxd3 10. Qxd3 Nxc3 11. bxc3 Nd7 12. 0-0 Nf6 13. e4 h6 14. e5 Nd5 15. Rab1 b6 16. c4 Nf4 17. Qe4 Ng6 18. Rfd1 Re8 19. Rd3 Qe7 20. Re3 Rad8 21. Qb7 1/2-1/2